[Event "Planas mem"]
[Site "Kelowna CAN"]
[Date "2006.08.12"]
[Round "2"]
[White "Chan, James"]
[Black "Long, Hugh"]
[Result "1-0"]
[WhiteElo "2017"]
[BlackElo "1728"]
[PlyCount "127"]
[EventDate "2006.08.12"]
[EventType "swiss"]
[EventRounds "5"]
[EventCountry "CAN"]
[Source "ChessBase"]
[SourceDate "2007.11.25"]

1. e4 e5 2. Nf3 Nc6 3. Bb5 a6 4. Ba4 Nf6 5. O-O b5 6. Bb3 Be7 7. Re1 d6 8. c3
Na5 9. Bc2 c5 10. h3 Nc6 11. d4 cxd4 12. cxd4 Nxd4 13. Nxd4 exd4 14. Qxd4 O-O
15. Nc3 Bb7 16. Bf4 Rc8 17. Bb3 Nh5 18. Bh2 Bf6 19. Qd1 Bxc3 20. bxc3 Qg5 21.
Qf3 Nf6 22. Bxd6 Rfe8 23. Bf4 Qg6 24. Bd5 Nxd5 25. exd5 Rxe1+ 26. Rxe1 h6 27.
Re7 Ba8 28. Bc7 f6 29. Qd1 Qg5 30. Rd7 Rxc7 31. Rxc7 Bxd5 32. Rc8+ Kf7 33. Rc7+
Kg8 34. Qg4 Qxg4 35. hxg4 Bxa2 36. Ra7 Bc4 37. Rxa6 Kf7 38. f3 Kg6 39. Ra7 Be6
40. Kf2 Bc4 41. Ke3 Bf1 42. Rb7 Bc4 43. g3 Kh7 44. Rc7 Bf1 45. Re7 Bc4 46. Kd4
Kg8 47. f4 Kf8 48. Rc7 Be2 49. g5 hxg5 50. fxg5 fxg5 51. Kc5 g4 52. Rb7 Bd3 53.
Rxb5 Bxb5 54. Kxb5 Ke7 55. Kb6 Kd7 56. c4 Kc8 57. Kc6 g6 58. Kd6 Kd8 59. Ke6
Kc7 60. Kf6 Kc6 61. Kxg6 Kc5 62. Kg5 Kxc4 63. Kxg4 Kd5 64. Kf5 1-0

[Event "Planas mem"]
[Site "Kelowna CAN"]
[Date "2006.08.12"]
[Round "2"]
[White "Friesen, Abe"]
[Black "Paulson, Stewart"]
[Result "0-1"]
[WhiteElo "1654"]
[BlackElo "1560"]
[PlyCount "54"]
[EventDate "2006.08.12"]
[EventType "swiss"]
[EventRounds "5"]
[EventCountry "CAN"]
[Source "ChessBase"]
[SourceDate "2007.11.25"]

1. e4 c6 2. d4 d5 3. Nc3 dxe4 4. Nxe4 Nf6 5. Bd3 Qxd4 6. Nf3 Qd8 7. Nxf6+ gxf6
8. Bf4 Bg4 9. h3 Be6 10. Qe2 Nd7 11. Bc4 Bxc4 12. Qxc4 e5 13. Be3 Qc7 14. O-O-O
Nb6 15. Bxb6 axb6 16. Kb1 b5 17. Qb3 Bd6 18. Nh4 O-O-O 19. Nf5 Rhf8 20. a4 bxa4
21. Qxa4 Kb8 22. Qh4 Bc5 23. f3 Rxd1+ 24. Rxd1 Rd8 25. Re1 Rd2 26. g4 Bf2 27.
Qxf6 Bxe1 0-1

[Event "Planas mem"]
[Site "Kelowna CAN"]
[Date "2006.08.12"]
[Round "2"]
[White "Kindret, Mike"]
[Black "Trochtchanovitch, Pavel"]
[Result "0-1"]
[WhiteElo "1654"]
[BlackElo "1870"]
[PlyCount "76"]
[EventDate "2006.08.12"]
[EventType "swiss"]
[EventRounds "5"]
[EventCountry "CAN"]
[Source "ChessBase"]
[SourceDate "2007.11.25"]

1. d4 d5 2. c4 e6 3. Nc3 Nf6 4. Bg5 Nbd7 5. e3 Be7 6. Nf3 b6 7. Bd3 Bb7 8. O-O
Ne4 9. Bxe7 Qxe7 10. Rc1 c5 11. cxd5 Nxc3 12. Rxc3 Bxd5 13. Bb1 O-O 14. dxc5
Nxc5 15. Qc2 f5 16. b4 Ne4 17. Rc7 Qxb4 18. Rc1 Nc5 19. Ne5 Be4 20. Qd1 Qb2 21.
Nc6 Bxc6 22. Rxc6 Rad8 23. Qc2 Qf6 24. a4 Nd3 25. Rxe6 Qh4 26. g3 Qg4 27. Rd1
Nb4 28. Red6 Nxc2 29. Ba2+ Kh8 30. Rxd8 Qb4 31. R1d6 g6 32. Rxf8+ Kg7 33. Rf7+
Kh6 34. Rdd7 Qe1+ 35. Kg2 Nxe3+ 36. fxe3 Qe2+ 37. Kh3 Qf1+ 38. Kh4 g5# 0-1

[Event "Planas mem"]
[Site "Kelowna CAN"]
[Date "2006.08.12"]
[Round "2"]
[White "Lee, Mau Seng"]
[Black "Moore, David"]
[Result "1-0"]
[WhiteElo "1830"]
[BlackElo "2024"]
[PlyCount "63"]
[EventDate "2006.08.12"]
[EventType "swiss"]
[EventRounds "5"]
[EventCountry "CAN"]
[Source "ChessBase"]
[SourceDate "2007.11.25"]

1. Nf3 c5 2. e4 d6 3. d4 cxd4 4. Nxd4 Nf6 5. Nc3 g6 6. f3 Bg7 7. Be3 O-O 8. Qd2
Nc6 9. O-O-O a6 10. g4 Bd7 11. h4 h5 12. gxh5 Nxh5 13. Rg1 Rc8 14. Be2 b5 15.
Nxc6 Rxc6 16. Bd4 e5 17. Be3 Qa5 18. Kb1 Rfc8 19. Nd5 Qd8 20. Nb4 Be6 21. Nxc6
Rxc6 22. b3 Qc7 23. Bd3 Nf6 24. Rg2 d5 25. Bh6 dxe4 26. fxe4 Rd6 27. Bxg7 Kxg7
28. Qg5 Nxe4 29. Qxe5+ Nf6 30. h5 Qc6 31. Rdg1 Bd5 32. Rg5 1-0

[Event "Planas mem"]
[Site "Kelowna CAN"]
[Date "2006.08.12"]
[Round "2"]
[White "Marshall, Jim"]
[Black "Tomashewski, Peter"]
[Result "0-1"]
[WhiteElo "1655"]
[BlackElo "1764"]
[PlyCount "94"]
[EventDate "2006.08.12"]
[EventType "swiss"]
[EventRounds "5"]
[EventCountry "CAN"]
[Source "ChessBase"]
[SourceDate "2007.11.25"]

1. e4 d5 2. exd5 Qxd5 3. Nc3 Qa5 4. d4 c6 5. Be2 Nf6 6. Bf3 Bf5 7. Nge2 e6 8.
O-O Bd6 9. Ng3 Bg6 10. Nge4 Nxe4 11. Nxe4 Be7 12. Bd2 Qd8 13. Bc3 O-O 14. b3
Nd7 15. Bb2 Nf6 16. Re1 Qc7 17. Nxf6+ Bxf6 18. c3 Rad8 19. Qe2 Rd7 20. Be4 Bxe4
21. Qxe4 Rfd8 22. Qc2 c5 23. Rad1 cxd4 24. c4 d3 25. Qd2 Bxb2 26. Qxb2 Rd4 27.
Re3 e5 28. Qc3 e4 29. f3 f5 30. fxe4 fxe4 31. Qd2 Re8 32. Qf2 Rf8 33. Qh4 Rf4
34. Qe1 Qc6 35. Rd2 Qg6 36. Qa1 Rd6 37. Qe1 Rdf6 38. Qc1 Qf5 39. Rd1 Rf2 40.
Rg3 Rc2 41. Qe3 Qf2+ 42. Qxf2 Rfxf2 43. Re3 Rxg2+ 44. Kf1 Rxh2 45. Kg1 Rhe2 46.
Rxe2 Rxe2 47. Kf1 Kf7 0-1

[Event "Planas mem"]
[Site "Kelowna CAN"]
[Date "2006.08.12"]
[Round "2"]
[White "Steinke, Wally"]
[Black "Rice, Grant"]
[Result "1-0"]
[WhiteElo "1710"]
[BlackElo "1649"]
[PlyCount "57"]
[EventDate "2006.08.12"]
[EventType "swiss"]
[EventRounds "5"]
[EventCountry "CAN"]
[Source "ChessBase"]
[SourceDate "2007.11.25"]

1. e4 e5 2. Bc4 Nf6 3. Nf3 Nc6 4. Ng5 d5 5. exd5 Nxd5 6. Nxf7 Kxf7 7. Qf3+ Ke6
8. Nc3 Ncb4 9. O-O c6 10. d4 Qh4 11. Ne4 Be7 12. g3 Qh3 13. Bg5 Rf8 14. Qe2 Rf5
15. Bxe7 Kxe7 16. f4 Be6 17. Nc5 Raf8 18. Nxe6 Kxe6 19. g4 R5f7 20. Rae1 Kd7
21. f5 Nf4 22. Rxf4 exf4 23. Bxf7 Qe3+ 24. Qxe3 fxe3 25. Be6+ Kd6 26. Re2 Nd5
27. c4 Nf4 28. Rxe3 Nxe6 29. Rxe6+ 1-0

[Event "Planas mem"]
[Site "Kelowna CAN"]
[Date "2006.08.13"]
[Round "3"]
[White "Banerji, Odette"]
[Black "Kindret, Mike"]
[Result "0-1"]
[WhiteElo "1227"]
[BlackElo "1640"]
[PlyCount "65"]
[EventDate "2006.08.12"]
[EventType "swiss"]
[EventRounds "5"]
[EventCountry "CAN"]
[Source "ChessBase"]
[SourceDate "2007.11.25"]

1. e4 c5 2. Nf3 d6 3. Nc3 a6 4. d4 cxd4 5. Qxd4 Nc6 6. Qd1 Nf6 7. h3 e6 8. a3
Be7 9. g3 Bd7 10. Bg2 Rc8 11. Be3 b6 12. O-O O-O 13. b4 b5 14. Kh2 Qc7 15. Qd2
Rfd8 16. Ng1 Ne5 17. Bd4 Nc4 18. Qe2 e5 19. Nd5 Nxd5 20. exd5 exd4 21. Ra2 Bf6
22. f4 Re8 23. Qd3 Re7 24. Qd1 Rce8 25. Nf3 Nb6 26. Nxd4 Na4 27. Qd2 Qc4 28.
Raa1 Bxd4 29. Rfe1 Rxe1 30. Rxe1 Rxe1 31. Qxe1 Kf8 32. Qd1 Qc6 33. Qd3 0-1

[Event "Planas mem"]
[Site "Kelowna CAN"]
[Date "2006.08.13"]
[Round "3"]
[White "Dendy, Niel"]
[Black "Lee, Mau Seng"]
[Result "0-1"]
[WhiteElo "1832"]
[BlackElo "1830"]
[PlyCount "72"]
[EventDate "2006.08.12"]
[EventType "swiss"]
[EventRounds "5"]
[EventCountry "CAN"]
[Source "ChessBase"]
[SourceDate "2007.11.25"]

1. d4 Nf6 2. c4 c5 3. d5 d6 4. Nc3 g6 5. e4 Bg7 6. Be2 O-O 7. Nf3 Nbd7 8. O-O
a6 9. h3 Rb8 10. a4 b6 11. Be3 h6 12. Qd2 Kh7 13. Nh2 Qc7 14. f4 Ng8 15. Rad1
Bb7 16. f5 Ne5 17. Ng4 g5 18. Bxg5 Nxg4 19. hxg4 hxg5 20. Qxg5 Bh6 21. Qh4 f6
22. Qh5 Qd8 23. Kf2 Qe8 24. Qh3 Rf7 25. Rh1 Kh8 26. Rh2 Rh7 27. Rdh1 Qf8 28.
Bd3 Qg7 29. Qf3 Qg5 30. Ne2 Rf8 31. Nf4 Rff7 32. Rh5 Qxf4 33. Rxh6 Qxf3+ 34.
gxf3 Nxh6 35. Kg2 Rfg7 36. Be2 Nf7 0-1

[Event "Planas mem"]
[Site "Kelowna CAN"]
[Date "2006.08.13"]
[Round "3"]
[White "Marshall, Jim"]
[Black "Friesen, Abe"]
[Result "1/2-1/2"]
[WhiteElo "1655"]
[BlackElo "1654"]
[PlyCount "107"]
[EventDate "2006.08.12"]
[EventType "swiss"]
[EventRounds "5"]
[EventCountry "CAN"]
[Source "ChessBase"]
[SourceDate "2007.11.25"]

1. e4 c5 2. Nf3 d6 3. d4 cxd4 4. Nxd4 Nf6 5. Nc3 a6 6. Be2 e6 7. O-O Be7 8. Be3
b5 9. a3 Bb7 10. f3 Nbd7 11. Qe1 d5 12. exd5 Nxd5 13. Nxd5 Bxd5 14. Nc6 Bxc6
15. Qg3 O-O 16. Bd3 f5 17. Rad1 Bf6 18. Qd6 Bd5 19. Bxf5 Qe7 20. Rxd5 exd5 21.
Qxe7 Bxe7 22. Bxd7 Rad8 23. Be6+ Kh8 24. Ra1 Bf6 25. c3 Rd6 26. Bc5 Rxe6 27.
Bxf8 Kg8 28. Bc5 Re2 29. Rb1 Kf7 30. Kf1 Re6 31. Rd1 Rc6 32. Bd4 Bxd4 33. Rxd4
Ke6 34. Ke2 Rc4 35. Ke3 g5 36. g3 Rc7 37. h4 h6 38. hxg5 hxg5 39. Rg4 Kf5 40.
Kd4 Rc4+ 41. Ke3 Rxg4 42. fxg4+ Kxg4 43. Kf2 a5 44. b3 Kf5 45. Kf3 g4+ 46. Ke3
Ke5 47. Kd3 Kd6 48. Kd4 Kc6 49. a4 bxa4 50. bxa4 Kd6 51. c4 dxc4 52. Kxc4 Kc6
53. Kd4 Kd6 54. Kc4 1/2-1/2

[Event "Planas mem"]
[Site "Kelowna CAN"]
[Date "2006.08.13"]
[Round "3"]
[White "Paulson, Stewart"]
[Black "Steinke, Wally"]
[Result "1-0"]
[WhiteElo "1560"]
[BlackElo "1710"]
[PlyCount "101"]
[EventDate "2006.08.12"]
[EventType "swiss"]
[EventRounds "5"]
[EventCountry "CAN"]
[Source "ChessBase"]
[SourceDate "2007.11.25"]

1. d4 Nf6 2. Nf3 d5 3. Bg5 Nbd7 4. e3 e6 5. Bd3 c5 6. c3 Be7 7. Nbd2 h6 8. Bh4
g5 9. Bg3 Nh5 10. Ne5 Nxg3 11. hxg3 Nxe5 12. dxe5 Qc7 13. Bb5+ Bd7 14. Bxd7+
Qxd7 15. f4 O-O-O 16. a4 d4 17. cxd4 cxd4 18. Rc1+ Kb8 19. e4 f6 20. exf6 Bxf6
21. e5 Be7 22. Rc4 Qd5 23. O-O Rhg8 24. Qf3 gxf4 25. Qxd5 Rxd5 26. gxf4 Rc8 27.
Rxc8+ Kxc8 28. Rc1+ Kd7 29. Kf2 d3 30. Kf3 Bb4 31. Ne4 Kd8 32. Rd1 b6 33. Ke3
d2 34. Nxd2 Bc5+ 35. Ke2 Bd4 36. Nc4 a6 37. b3 b5 38. axb5 axb5 39. Ne3 Rd7 40.
g4 Ke7 41. Kf3 b4 42. Nc4 Bc3 43. Rxd7+ Kxd7 44. Ke4 Be1 45. f5 exf5+ 46. Kxf5
Bg3 47. Nd6 Ke7 48. Ne4 Bh2 49. e6 Bg1 50. Nf6 Be3 51. Nd5+ 1-0

[Event "Planas mem"]
[Site "Kelowna CAN"]
[Date "2006.08.13"]
[Round "3"]
[White "Trochtchanovitch, Pavel"]
[Black "Chan, James"]
[Result "1/2-1/2"]
[WhiteElo "1870"]
[BlackElo "2017"]
[PlyCount "109"]
[EventDate "2006.08.12"]
[EventType "swiss"]
[EventRounds "5"]
[EventCountry "CAN"]
[Source "ChessBase"]
[SourceDate "2007.11.25"]

1. e4 e5 2. Nf3 Nc6 3. Bb5 a6 4. Bxc6 dxc6 5. d4 exd4 6. Qxd4 Qxd4 7. Nxd4 c5
8. Ne2 Bd7 9. Nbc3 Ne7 10. Be3 b6 11. f4 O-O-O 12. O-O-O g6 13. Nd5 Nxd5 14.
Rxd5 Bc6 15. Rxd8+ Kxd8 16. Rd1+ Kc8 17. Nc3 Bg7 18. Nd5 Re8 19. e5 c4 20. g4
Kb7 21. g5 Bxe5 22. fxe5 Rxe5 23. Bf4 Rxd5 24. Rxd5 Bxd5 25. c3 c5 26. Kc2 Be4+
27. Kc1 Kc6 28. b3 Kd5 29. Kb2 b5 30. h4 Bf3 31. Be3 Bd1 32. Bf2 a5 33. Bg1 a4
34. bxc4+ Kxc4 35. a3 Bf3 36. Bf2 Bd5 37. Bg1 Be6 38. Bf2 b4 39. axb4 cxb4 40.
cxb4 Kxb4 41. Be1+ Kc4 42. Ka3 Bd7 43. Bg3 Kd4 44. Be1 Ke4 45. Bg3 Kf3 46. Be1
Kg4 47. Bf2 Kh5 48. Be1 Be8 49. Bf2 Kg4 50. Be1 Kh5 51. Bf2 h6 52. Be3 hxg5 53.
hxg5 Kg4 54. Bd2 Kf5 55. Bc1 1/2-1/2

[Event "Planas mem"]
[Site "Kelowna CAN"]
[Date "2006.08.13"]
[Round "4"]
[White "Friesen, Abe"]
[Black "Banerji, Odette"]
[Result "1-0"]
[WhiteElo "1654"]
[BlackElo "1227"]
[PlyCount "28"]
[EventDate "2006.08.12"]
[EventType "swiss"]
[EventRounds "5"]
[EventCountry "CAN"]
[Source "ChessBase"]
[SourceDate "2007.11.25"]

1. e4 e5 2. Nf3 Be7 3. Nxe5 Bf6 4. d4 Bxe5 5. dxe5 h6 6. Bc4 d6 7. Bf4 Qe7 8.
Qd4 Nc6 9. Bb5 Bd7 10. Bxc6 Bxc6 11. O-O O-O-O 12. Nc3 Kb8 13. Rad1 b6 14. exd6
cxd6 1-0

[Event "Planas mem"]
[Site "Kelowna CAN"]
[Date "2006.08.13"]
[Round "4"]
[White "Kindret, Mike"]
[Black "Paulson, Stewart"]
[Result "1-0"]
[WhiteElo "1654"]
[BlackElo "1560"]
[PlyCount "73"]
[EventDate "2006.08.12"]
[EventType "swiss"]
[EventRounds "5"]
[EventCountry "CAN"]
[Source "ChessBase"]
[SourceDate "2007.11.25"]

1. d4 Nf6 2. c4 g6 3. Nc3 Bg7 4. e4 d6 5. f3 O-O 6. Be3 b6 7. Qd2 Re8 8. O-O-O
Bb7 9. Qf2 e5 10. d5 Nbd7 11. Nge2 a5 12. g4 a4 13. Ng3 Nf8 14. g5 N6d7 15. h4
Nc5 16. Be2 a3 17. b3 Nxb3+ 18. axb3 a2 19. Kb2 a1=Q+ 20. Rxa1 Rxa1 21. Rxa1 f6
22. gxf6 Bxf6 23. h5 Bg5 24. Nb5 Bxe3 25. Qxe3 c6 26. dxc6 Bxc6 27. Nc3 Qh4 28.
Rg1 Re6 29. c5 b5 30. Nxb5 Bxb5 31. Bxb5 Qh2+ 32. Kc3 Rf6 33. Bc4+ Kh8 34. c6
Qa2 35. hxg6 Nxg6 36. Nf5 Nf4 37. Rg8# 1-0

[Event "Planas mem"]
[Site "Kelowna CAN"]
[Date "2006.08.13"]
[Round "4"]
[White "Lee, Mau Seng"]
[Black "Chan, James"]
[Result "1-0"]
[WhiteElo "1830"]
[BlackElo "2017"]
[PlyCount "71"]
[EventDate "2006.08.12"]
[EventType "swiss"]
[EventRounds "5"]
[EventCountry "CAN"]
[Source "ChessBase"]
[SourceDate "2007.11.25"]

1. Nf3 f5 2. b3 Nf6 3. Bb2 d6 4. e3 e5 5. Nc3 Be7 6. d3 O-O 7. Be2 Qe8 8. Qd2
c6 9. h3 Kh8 10. O-O-O b5 11. Rdg1 Nfd7 12. g4 f4 13. h4 a5 14. Ng5 Nb6 15. d4
b4 16. Nce4 d5 17. Nc5 Bxc5 18. dxc5 N6d7 19. exf4 Rxf4 20. Nh3 Rf8 21. h5 Nxc5
22. h6 g6 23. Qg5 Nbd7 24. Bd3 Ba6 25. Bxa6 Ne4 26. Qe3 Rxa6 27. f4 Kg8 28.
fxe5 c5 29. Rd1 Qa8 30. Rhf1 Nb6 31. Nf4 a4 32. Ne6 Rxf1 33. Rxf1 axb3 34. Qf4
bxa2 35. Qf8+ Qxf8 36. Rxf8# 1-0

[Event "Planas mem"]
[Site "Kelowna CAN"]
[Date "2006.08.13"]
[Round "4"]
[White "Long, Hugh"]
[Black "Trochtchanovitch, Pavel"]
[Result "0-1"]
[WhiteElo "1728"]
[BlackElo "1870"]
[PlyCount "134"]
[EventDate "2006.08.12"]
[EventType "swiss"]
[EventRounds "5"]
[EventCountry "CAN"]
[Source "ChessBase"]
[SourceDate "2007.11.25"]

1. d4 d5 2. c4 e6 3. Nc3 Nf6 4. Bg5 c6 5. e3 Bd6 6. Nf3 Nbd7 7. cxd5 exd5 8.
Bd3 Nf8 9. Ne5 Ng6 10. Nxg6 fxg6 11. Qc2 O-O 12. O-O-O b5 13. e4 b4 14. Na4
dxe4 15. Bxe4 Qa5 16. Bxf6 gxf6 17. Qxc6 Bf4+ 18. Kb1 Bf5 19. Nc5 Bxe4+ 20.
Qxe4 Bh6 21. Nd7 Rfc8 22. Nxf6+ Kh8 23. Ng4 Bg7 24. Rhe1 Qa4 25. Rc1 Re8 26.
Qd3 Rad8 27. Rxe8+ Qxe8 28. d5 a5 29. Ne3 a4 30. Kc2 Qe5 31. Rb1 Qxh2 32. Qc4
Qd6 33. Kd2 Rf8 34. Ke2 Qb6 35. b3 a3 36. Rd1 Qf6 37. f3 Qd6 38. Qc6 Qe5 39.
Qe6 Qb8 40. d6 Re8 41. Qf7 Qb5+ 42. Kf2 Qe5 43. Re1 Bh6 44. Nc2 Qc5+ 45. Kf1
Rxe1+ 46. Nxe1 Qxd6 47. Qe8+ Kg7 48. Qe4 Bd2 49. Nd3 h5 50. Qe5+ Qxe5 51. Nxe5
Kf6 52. Nc6 g5 53. Ke2 Bc3 54. Kd3 Kf5 55. Kc4 Kf4 56. Nxb4 Bxb4 57. Kxb4 Kg3
58. Kc5 Kxg2 59. b4 h4 60. b5 h3 61. b6 h2 62. b7 h1=Q 63. b8=Q Qc1+ 64. Kd5
Qd2+ 65. Ke6 Qxa2+ 66. Kf5 Qd5+ 67. Kg4 Qxf3+ 0-1

[Event "Planas mem"]
[Site "Kelowna CAN"]
[Date "2006.08.13"]
[Round "4"]
[White "Moore, David"]
[Black "Rice, Grant"]
[Result "1-0"]
[WhiteElo "2024"]
[BlackElo "1649"]
[PlyCount "79"]
[EventDate "2006.08.12"]
[EventType "swiss"]
[EventRounds "5"]
[EventCountry "CAN"]
[Source "ChessBase"]
[SourceDate "2007.11.25"]

1. e4 e5 2. Nf3 Nc6 3. Bb5 a6 4. Ba4 Nf6 5. O-O Bc5 6. c3 d6 7. d4 exd4 8. cxd4
b5 9. dxc5 bxa4 10. cxd6 Qxd6 11. Qxd6 cxd6 12. Bf4 Bg4 13. Nbd2 Bxf3 14. Nxf3
Nxe4 15. Rfe1 d5 16. Nd2 O-O-O 17. Nxe4 dxe4 18. Rxe4 Rd4 19. Rxd4 Nxd4 20. Be5
Ne6 21. Rc1+ Kb7 22. Kf1 f6 23. Bc3 Rc8 24. a3 Nd4 25. Rd1 Nb3 26. Ke2 Rc7 27.
Kf3 Kc6 28. h4 Rd7 29. Rxd7 Kxd7 30. Ke4 Ke6 31. g4 Nc5+ 32. Kd4 Nb3+ 33. Kc4
Nc1 34. Bd2 Nb3 35. Be3 Na1 36. Kb4 Nc2+ 37. Kxa4 Nxe3 38. fxe3 g5 39. hxg5 h5
40. gxh6 1-0

[Event "Planas mem"]
[Site "Kelowna CAN"]
[Date "2006.08.13"]
[Round "4"]
[White "Steinke, Wally"]
[Black "Marshall, Jim"]
[Result "1-0"]
[WhiteElo "1710"]
[BlackElo "1655"]
[PlyCount "90"]
[EventDate "2006.08.12"]
[EventType "swiss"]
[EventRounds "5"]
[EventCountry "CAN"]
[Source "ChessBase"]
[SourceDate "2007.11.25"]

1. e4 c5 2. c3 Nf6 3. e5 Nd5 4. d4 Nc6 5. Nf3 e6 6. Bc4 Nb6 7. Bb3 d6 8. O-O
dxe5 9. dxe5 Qc7 10. Re1 Be7 11. Bf4 h6 12. Nbd2 g5 13. Bg3 h5 14. h4 gxh4 15.
Nxh4 Bd7 16. Ne4 O-O-O 17. Nd6+ Bxd6 18. exd6 Qb8 19. Nf3 c4 20. Bc2 f6 21. Be4
e5 22. a4 Na5 23. Bc2 Bg4 24. b4 cxb3 25. Bxb3 Rxd6 26. Qc2 Rhd8 27. Nxe5 fxe5
28. Bxe5 Nbc4 29. Bxc4 Nxc4 30. Bf4 Qc7 31. f3 Qc5+ 32. Kh1 Bf5 33. Bxd6 Nxd6
34. Qb3 Nc4 35. Qb4 Qd5 36. Re7 Bd7 37. a5 a6 38. Rae1 Bb5 39. Rh7 Qf5 40. Qe7
Rd7 41. Rh8+ Kc7 42. Qe8 Rd2 43. Qb8+ Kc6 44. Rc8+ Kd5 45. Qxb7+ Kd6 1-0

[Event "Planas mem"]
[Site "Kelowna CAN"]
[Date "2006.08.13"]
[Round "4"]
[White "Tomashewski, Peter"]
[Black "Dendy, Niel"]
[Result "0-1"]
[WhiteElo "1764"]
[BlackElo "1832"]
[PlyCount "58"]
[EventDate "2006.08.12"]
[EventType "swiss"]
[EventRounds "5"]
[EventCountry "CAN"]
[Source "ChessBase"]
[SourceDate "2007.11.25"]

1. d4 Nf6 2. Nf3 d5 3. Bf4 Bf5 4. e3 e6 5. Bd3 Bxd3 6. Qxd3 a6 7. Nbd2 c5 8. c3
Nc6 9. h3 Rc8 10. O-O Be7 11. Bh2 O-O 12. Ne5 Nxe5 13. Bxe5 c4 14. Qc2 Nd7 15.
Bh2 b5 16. e4 dxe4 17. Nxe4 Nf6 18. Rad1 Qd5 19. Rfe1 Kh8 20. Ng3 Rfe8 21. Re5
Qb7 22. Rde1 Bd6 23. R5e2 Nd5 24. Qe4 Qd7 25. Nf5 Bxh2+ 26. Kxh2 Nf6 27. Qe3
exf5 28. Qxe8+ Rxe8 29. Rxe8+ Nxe8 0-1

[Event "Planas mem"]
[Site "Kelowna CAN"]
[Date "2006.08.13"]
[Round "5"]
[White "Chan, James"]
[Black "Kindret, Mike"]
[Result "1-0"]
[WhiteElo "2017"]
[BlackElo "1640"]
[PlyCount "65"]
[EventDate "2006.08.12"]
[EventType "swiss"]
[EventRounds "5"]
[EventCountry "CAN"]
[Source "ChessBase"]
[SourceDate "2007.11.25"]

1. e4 c5 2. Nf3 d6 3. d4 cxd4 4. Nxd4 Nf6 5. Nc3 a6 6. Bc4 e6 7. O-O Nc6 8. Kh1
Be7 9. f4 Bd7 10. f5 e5 11. Nde2 Rc8 12. Bd5 b5 13. Ng3 Nd4 14. Be3 Nxc2 15.
Qxc2 b4 16. Qb3 bxc3 17. Bxf7+ Kf8 18. Be6 cxb2 19. Qxb2 Rb8 20. Qc2 Bxe6 21.
fxe6 Qc8 22. Qa4 Qxe6 23. Rac1 Kf7 24. Nf5 Rhc8 25. h3 Kg8 26. Rxc8+ Rxc8 27.
Qxa6 Bf8 28. Qb7 Qd7 29. Qb3+ Kh8 30. Nh6 Rc7 31. Rxf6 gxh6 32. Rxf8+ Kg7 33.
Qg8# 1-0

[Event "Planas mem"]
[Site "Kelowna CAN"]
[Date "2006.08.13"]
[Round "5"]
[White "Dendy, Niel"]
[Black "Paulson, Stewart"]
[Result "1-0"]
[WhiteElo "1832"]
[BlackElo "1560"]
[PlyCount "75"]
[EventDate "2006.08.12"]
[EventType "swiss"]
[EventRounds "5"]
[EventCountry "CAN"]
[Source "ChessBase"]
[SourceDate "2007.11.25"]

1. d4 Nf6 2. c4 e6 3. Nf3 b6 4. Nc3 Bb4 5. a3 Bxc3+ 6. bxc3 Ba6 7. Qa4 Qc8 8.
g3 Nc6 9. Bg2 Rb8 10. O-O Na5 11. Ne5 h6 12. Re1 O-O 13. c5 d6 14. Nd3 d5 15.
Ne5 c6 16. cxb6 axb6 17. Bf4 Bb5 18. Qc2 Rb7 19. a4 Ba6 20. Nd3 Bc4 21. Reb1 c5
22. dxc5 bxc5 23. Rxb7 Bxd3 24. exd3 Nxb7 25. a5 g5 26. Bd2 c4 27. dxc4 Ng4 28.
cxd5 Nxf2 29. Kxf2 exd5 30. Be3 Rd8 31. Bd4 Nc5 32. h3 Na6 33. Kg1 Qe6 34. Kh2
Rc8 35. Qf2 f5 36. Re1 Qd6 37. Qxf5 Rf8 38. Bxd5+ 1-0

[Event "Planas mem"]
[Site "Kelowna CAN"]
[Date "2006.08.13"]
[Round "5"]
[White "Marshall, Jim"]
[Black "Banerji, Odette"]
[Result "1-0"]
[WhiteElo "1655"]
[BlackElo "1227"]
[PlyCount "67"]
[EventDate "2006.08.12"]
[EventType "swiss"]
[EventRounds "5"]
[EventCountry "CAN"]
[Source "ChessBase"]
[SourceDate "2007.11.25"]

1. e4 Nc6 2. d4 e6 3. a3 d6 4. Nf3 Be7 5. Nc3 a6 6. Bc4 b5 7. Ba2 Bb7 8. d5 Ne5
9. dxe6 f6 10. O-O c5 11. Bd5 Qc7 12. Nh4 g6 13. f4 Nc6 14. Be3 O-O-O 15. Nf3
Rf8 16. f5 g5 17. h3 h5 18. Nh2 Ne5 19. Qe2 Bxd5 20. Nxd5 Qb7 21. b4 Nc4 22.
Bf2 Qc6 23. Nf3 Kb7 24. a4 Ne5 25. axb5 Qxb5 26. Qxb5+ axb5 27. Ra5 Nxf3+ 28.
gxf3 Kc6 29. Rfa1 Rb8 30. Ra6+ Kb7 31. Ra7+ Kc8 32. Nxe7+ Nxe7 33. Rxe7 Rd8 34.
Raa7 1-0

[Event "Planas mem"]
[Site "Kelowna CAN"]
[Date "2006.08.13"]
[Round "5"]
[White "Steinke, Wally"]
[Black "Long, Hugh"]
[Result "1-0"]
[WhiteElo "1710"]
[BlackElo "1728"]
[PlyCount "66"]
[EventDate "2006.08.12"]
[EventType "swiss"]
[EventRounds "5"]
[EventCountry "CAN"]
[Source "ChessBase"]
[SourceDate "2007.11.25"]

1. e4 d5 2. exd5 Nf6 3. Bb5+ Bd7 4. Bc4 c6 5. dxc6 Nxc6 6. d4 Bg4 7. f3 Bf5 8.
Ne2 e6 9. Nbc3 Bb4 10. O-O O-O 11. Bg5 Rc8 12. Rc1 h6 13. Bxf6 Qxf6 14. Ne4 Qe7
15. c3 Ba5 16. N4g3 Bh7 17. Bd3 Bxd3 18. Qxd3 Rfd8 19. Rfd1 Bb6 20. Kh1 Ne5 21.
Qe4 Nc4 22. b3 Nd6 23. Qg4 Nf5 24. Qe4 Nxg3+ 25. Nxg3 Rd5 26. c4 Rg5 27. f4 Rg4
28. Rc3 Qf6 29. Ne2 Qe7 30. Rcd3 Rh4 31. d5 Rxh2+ 32. Kxh2 Qh4+ 33. Rh3 Qf2 1-0

[Event "Planas mem"]
[Site "Kelowna CAN"]
[Date "2006.08.13"]
[Round "5"]
[White "Tomashewski, Peter"]
[Black "Friesen, Abe"]
[Result "0-1"]
[WhiteElo "1764"]
[BlackElo "1654"]
[PlyCount "57"]
[EventDate "2006.08.12"]
[EventType "swiss"]
[EventRounds "5"]
[EventCountry "CAN"]
[Source "ChessBase"]
[SourceDate "2007.11.25"]

1. d4 d5 2. Nf3 Nf6 3. Bf4 e6 4. e3 Nbd7 5. Nbd2 Be7 6. Bd3 O-O 7. h3 c5 8. c3
Qb6 9. Rb1 c4 10. Bc2 Re8 11. O-O Bd6 12. Ne5 Qc7 13. Nxd7 Nxd7 14. Bxd6 Qxd6
15. e4 e5 16. exd5 exd4 17. Nxc4 Qxd5 18. Qxd4 Qc6 19. Nd6 Re7 20. Nxc8 Rxc8
21. Rfe1 Rce8 22. Rxe7 Rxe7 23. Rd1 b6 24. a4 Nf6 25. Qb4 Re5 26. c4 g6 27. Qc3
Rg5 28. g3 h5 29. Rd6 0-1

[Event "Planas mem"]
[Site "Kelowna CAN"]
[Date "2006.08.13"]
[Round "5"]
[White "Trochtchanovitch, Pavel"]
[Black "Lee, Mau Seng"]
[Result "1-0"]
[WhiteElo "1870"]
[BlackElo "1830"]
[PlyCount "81"]
[EventDate "2006.08.12"]
[EventType "swiss"]
[EventRounds "5"]
[EventCountry "CAN"]
[Source "ChessBase"]
[SourceDate "2007.11.25"]

1. e4 c5 2. Nf3 e6 3. d4 cxd4 4. Nxd4 d6 5. Be2 Nf6 6. Nc3 a6 7. f4 e5 8. Nf3
Nc6 9. O-O Be7 10. f5 O-O 11. a4 Qc7 12. Bc4 Bd7 13. Nd5 Nxd5 14. Bxd5 Rac8 15.
c3 Kh8 16. Ng5 Bxg5 17. Bxg5 f6 18. Be3 Be8 19. Qd2 Bf7 20. Rad1 Rcd8 21. Rf3
Bxd5 22. Qxd5 Qf7 23. Qxf7 Rxf7 24. Bb6 Rdd7 25. Rfd3 g6 26. Rxd6 Rxd6 27. Rxd6
Kg7 28. g4 Ne7 29. Bd8 Nc6 30. a5 Nxd8 31. Rxd8 h5 32. gxh5 gxf5 33. exf5 Kh6
34. Rg8 Rg7+ 35. Rxg7 Kxg7 36. b4 Kh6 37. c4 Kxh5 38. b5 Kg4 39. b6 Kxf5 40. c5
Ke6 41. c6 1-0